MARC details
| 000 -LEADER |
| fixed length control field |
01489nam a2200253 4500 |
| 003 - CONTROL NUMBER IDENTIFIER |
| control field |
SEM |
| 005 - DATE AND TIME OF LATEST TRANSACTION |
| control field |
20241205104330.0 |
| 008 - FIXED-LENGTH DATA ELEMENTS--GENERAL INFORMATION |
| fixed length control field |
241004s2002 ru ||||gr||||||01|||rus|d |
| 020 ## - INTERNATIONAL STANDARD BOOK NUMBER |
| International Standard Book Number |
5-17-015907-2 |
| 040 ## - CATALOGING SOURCE |
| Original cataloging agency |
SEM |
| Transcribing agency |
SEM |
| 041 ## - LANGUAGE CODE |
| Language code of text/sound track or separate title |
rus |
| Language code of original |
germ |
| 080 ## - UNIVERSAL DECIMAL CLASSIFICATION NUMBER |
| Universal Decimal Classification number |
830(436)-3/Ц-26 |
| 100 ## - MAIN ENTRY--PERSONAL NAME |
| Personal name |
Цвейг, Стефан |
| Titles and words associated with a name |
(нем. Stefan Zweig) |
| Fuller form of name |
(иногда-Штефан Цвайг) |
| Dates associated with a name |
(1881-1942) |
| 245 ## - TITLE STATEMENT |
| Title |
Амок : |
| Remainder of title |
(Новеллы) / |
| Statement of responsibility, etc. |
С. Цвейг |
| 250 ## - EDITION STATEMENT |
| Edition statement |
Литературно-художественное издание |
| 260 ## - PUBLICATION, DISTRIBUTION, ETC. |
| Place of publication, distribution, etc. |
Москва : |
| Name of publisher, distributor, etc. |
«АСТ», |
| Date of publication, distribution, etc. |
2002. |
| 300 ## - PHYSICAL DESCRIPTION |
| Extent |
238 ст ; |
| Dimensions |
17 см |
| 490 ## - SERIES STATEMENT |
| Series statement |
«Классическая и современная проза» |
| Volume/sequential designation |
Вып. 102 |
| 500 ## - GENERAL NOTE |
| General note |
Три новеллы «крайних ситуаций», в которых читатель (как и рассказчик) поистине теряет чувство реальности,-и вынужден пребывать в весьма странном, причудливом мире тёмных фантазий и яростных, обнажённых эмоций.<br/>Такой Стефан Цвейг в «чёрный» -возможно, самый современный-период своего творчества. |
| 650 ## - SUBJECT ADDED ENTRY--TOPICAL TERM |
| Topical term or geographic name entry element |
Австрийская литература |
| General subdivision |
новеллы |
| 653 ## - INDEX TERM--UNCONTROLLED |
| Uncontrolled term |
ՍԷՄ |
| 830 ## - SERIES ADDED ENTRY--UNIFORM TITLE |
| Uniform title |
«Классическая и современная проза» |
| Volume/sequential designation |
Вып. 102 |
| 942 ## - ADDED ENTRY ELEMENTS (KOHA) |
| Source of classification or shelving scheme |
Universal Decimal Classification |
| Koha item type |
Գրքեր/Books |